The Santa Cruz Conference on Finite Groups

Saved in:
Bibliographic Details
Corporate Author: Santa Cruz Conference on Finite Groups
Other Authors: Cooperstein, Bruce, 1950- (Editor), Mason, Geoffrey, 1948- (Editor)
Format: Conference Proceeding Book
Language:English
Published: Providence, R.I. : American Mathematical Society, 1980.
Series:Proceedings of symposia in pure mathematics ; 37
Subjects:
Tags: Add Tag
No Tags, Be the first to tag this record!

MARC

LEADER 00000cam a2200000 i 4500
001 1/46244
008 941103s1980 riu ||| | eng||
020 |a 0821814400 
035 |l 10042746 
035 |a 1993 
040 |a GR-MyUA  |b gre  |e AACR2 
041 0 |a eng 
082 0 |a 512.2   |2 (19) 
111 2 |a Santa Cruz Conference on Finite Groups   |d (1979) 
245 1 4 |a The Santa Cruz Conference on Finite Groups /   |c [edited by Bruce Cooperstein and Geoffrey Mason].  
260 |a Providence, R.I. :   |b American Mathematical Society,   |c 1980.  
300 |a xviii, 634 σ :   |b εικ. ;   |c 26 εκ.  
490 1 |a (Proceedings of symposia in pure mathematics   |v ; 37) 
504 |a Περιέχει βιβλιογραφικές παραπομπές.  
650 0 0 |a Finite groups  |x Congresses. 
700 1 |a Cooperstein, Bruce,   |d 1950-  |e edt 
700 1 |a Mason, Geoffrey,   |d 1948-  |e edt 
830 0 |a Proceedings of symposia in pure mathematics ;  |v  37 
852 |a INST  |b SAMOS  |e 19941103  |h 512.2 SAN  |p 005300007434  |q 005300007434  |t BK  |y 0 
909 |a Σ  |b 033313